000 00518nam a2200181Ia 4500
008 100917s9999 xx 000 0 und d
082 _b49246
100 _aजाधव टी. के.
245 _aअमृत कण (आ. 4 थी.)
260 _bरामदास के जाधव
_c---
300 _a88
365 _b3
520 _aकविता
630 _aअमृत कण (आ. 4 थी.)
650 _aकविता
730 _aअमृत कण (आ. 4 थी.)
942 _cBOOK
999 _c654640
_d654637